Visualizzazione normale
Vista MARC
di Personal Name
Records bibliografici associati: 1
001 - CONTROL NUMBER
- control field: 11784
003 - CONTROL NUMBER IDENTIFIER
- control field: IT-RoPau
005 - DATE AND TIME OF LATEST TRANSACTION
- control field: 20140201154005.0
008 - FIXED-LENGTH DATA ELEMENTS
- fixed length control field: 140201|| aca||aabn | a|a d
040 ## - CATALOGING SOURCE
- Original cataloging agency: IT-RoPau
- Transcribing agency: IT-RoPau
100 ## - HEADING--PERSONAL NAME
- Personal name:
- Miscellaneous information: Codice autore musica SPICS: 3431
670 ## - SOURCE DATA FOUND
- Source citation: Work cat.: (IT-RoPau)100770: Musorgskij Modest 11782, Notte di S. Giovanni sul Monte Calvo (La)